[Event "10th IM Marmaris Karia 2019"]
[Site "Marmaris"]
[Date "2019.10.23"]
[Round "10.5"]
[White "Semiev, Suhrab"]
[Black "Angun, Batu"]
[Result "1/2-1/2"]
[WhiteElo "2290"]
[BlackElo "2165"]
[Annotator "ChessBase"]
[PlyCount "64"]
[EventDate "2019.10.19"]
[EventType "schev"]
[EventCountry "TUR"]
[SourceTitle "playchess.com"]
[Source "ChessBase"]
[SourceQuality "1"]
[TimeControl "5400+30"]

1. e4 {[%emt 0:00:30]} c5 {[%emt 0:00:30]} 2. Nf3 {[%emt 0:00:30]} d6 {[%emt 0:00:30]} 3. Bb5+ {[%emt 0:00:00]} Bd7 {[%emt 0:00:00]} 4. Bxd7+ {[%emt 0:00:00]} Nxd7 {[%emt 0:00:00]} 5. O-O {[%emt 0:00:30]} Ngf6 {[%emt 0:00:30]} 6. Re1 {[%emt 0:00:30]} g6 {[%emt 0:00:00]} 7. c3 {[%emt 0:00:30]} Bg7 {[%emt 0:02:00]} 8. d4 {[%emt 0:00:00]} cxd4 {[%emt 0:00:00]} 9. cxd4 {[%emt 0:00:00]} O-O {[%emt 0:00:00]} 10. Nc3 {[%emt 0:00:30]} Nb6 {[%emt 0:00:00]} 11. b3 {[%emt 0:00:30]} Rc8 {[%emt 0:01:00]} 12. Bb2 {[%emt 0:00:30]} Qd7 {[%emt 0:00:30]} 13. h3 {[%emt 0:00:30]} Rc7 {[%emt 0:01:30]} 14. e5 {[%emt 0:00:30]} Nfd5 {[%emt 0:00:00]} 15. Ne4 {[%emt 0:01:30]} Rfc8 {[%emt 0:00:00]} 16. Rc1 {[%emt 0:01:30]} Rxc1 {[%emt 0:01:30]} 17. Bxc1 {[%emt 0:00:00]} dxe5 {[%emt 0:01:30]} 18. Nxe5 {[%emt 0:02:00]} Qc7 {[%emt 0:01:30]} 19. Nc5 {[%emt 0:04:30]} e6 {[%emt 0:01:30]} 20. Ba3 {[%emt 0:01:30]} Rd8 {[%emt 0:00:30]} 21. Qf3 {[%emt 0:00:30]} Nc8 {[%emt 0:01:30]} 22. Rc1 {[%emt 0:02:30]} Bxe5 {[%emt 0:01:30]} 23. dxe5 {[%emt 0:04:30]} Qxe5 {[%emt 0:00:00]} 24. Nxb7 {[%emt 0:00:30]} Re8 {[%emt 0:00:00]} 25. Nc5 {[%emt 0:00:30]} Nce7 {[%emt 0:04:30]} 26. Nd3 {[%emt 0:01:30]} Qf5 {[%emt 0:00:00]} 27. Qxf5 {[%emt 0:00:00]} Nxf5 {[%emt 0:00:00]} 28. Ne5 {[%emt 0:00:00]} Nd4 {[%emt 0:00:30]} 29. Kf1 {[%emt 0:00:30]} Nb5 {[%emt 0:00:00]} 30. Bb2 {[%emt 0:00:30]} Nd6 {[%emt 0:00:00]} 31. Ba3 {[%emt 0:00:30]} Nb5 {[%emt 0:00:00]} 32. Bb2 {[%emt 0:00:00]} Nd6 {[%emt 0:00:00]} 1/2-1/2